Bezirke Berlins vor 2001 auf einer Karte - Statistiken

Allgemein
  • Dieses Quiz wurde 1.066 mal gespielt
  • Das Durchschnittsergebnis liegt bei 15 aus 23
Antworten auf der Karte
Die Antworten werden auf der Karte rot bzw. grün angezeigt, abhängig davon wie oft sie richtig erraten wurden.
 
Antwortstatistiken
Boroughs % Korrekt
Mitte
94%
Kreuzberg
82%
Charlottenburg
81%
Spandau
81%
Neukölln
80%
Marzahn
76%
Pankow
74%
Köpenick
73%
Friedrichshain
66%
Tempelhof
66%
Reinickendorf
60%
Schöneberg
60%
Lichtenberg
59%
Prenzlauer Berg
58%
Wedding
57%
Zehlendorf
57%
Steglitz
55%
Hellersdorf
54%
Treptow
54%
Wilmersdorf
54%
Tiergarten
53%
Weißensee
35%
Hohenschönhausen
34%
Keine übereinstimmenden Quizze gefunden
Verteilung der Resultate
Anzahl Personen mit jedem Resultat
Perzentil nach korrekt beantworteten Fragen
Ihre Resultats-Entwicklung
Sie haben dieses Quiz noch nicht gespielt